000 00709nam a2200229 a 4500
999 _c11828
_d11828
001 11828
003 BD-JhCC
005 20221107134024.0
008 201118s20132020bg |||| ||a| 000 0 ben d
020 _a9848729534
035 _a(BD-JhCC)11828
040 _aBD-JhCC
_dBD-JhCC
041 _aben
082 _a891.4435
_bUDD 2020
100 _aউদ্দিন, মোহাম্মদ নাজিম
245 _aকনফেশন /
_cমোহাম্মদ নাজিম উদ্দিন ।
260 _aঢাকা:
_bবাতিঘর প্রকাশনী;
_c২০২০.
300 _a320 p. :
_c22 cm
650 _aDetective Stories
942 _2ddc
_cBK
_011